书目信息 |
| 题名: |
部长访谈录
|
|
| 作者: | ;新华社中央新闻采访中心 编 | |
| 分册: | ||
| 出版信息: | 北京 人民出版社 2017 |
|
| 页数: | 13,298页 | |
| 开本: | 24cm | |
| 丛书名: | ||
| 单 册: | ||
| 中图分类: | D622 , D627 | |
| 科图分类: | ||
| 主题词: | ||
| 电子资源: | ||
| ISBN: | 978-7-01-017530-0 | |
| 000 | 00736nam0 2200229 450 | |
| 001 | 173 | |
| 005 | 20180519112225.79 | |
| 010 | @a978-7-01-017530-0@dCNY49.00 | |
| 100 | @a20170427d2017 em y0chiy50 ea | |
| 101 | 0 | @achi |
| 102 | @aCN@b110000 | |
| 105 | @ay z 000yy | |
| 200 | 1 | @a部长访谈录@9bu zhang fang tan lu@e两会热点面对面@f新华社中央新闻采访中心编 |
| 210 | @a北京@c人民出版社@d2017 | |
| 215 | @a13,298页@d24cm | |
| 601 | 02 | @a全国人民代表大会@y中国@z2017@j学习参考资料 |
| 601 | 02 | @a中国人民政治协商会议@z2017@j学习参考资料 |
| 690 | @aD622@v5 | |
| 690 | @aD627@v5 | |
| 711 | 02 | @a新华社中央新闻采访中心@9xin hua she zhong yang xin wen cai fang zhong xin@4编 |
| 801 | 0 | @aCN@b91MARC@c20170427 |
| 905 | @aMuseLib@dD622@e92 | |
| 部长访谈录:两会热点面对面/新华社中央新闻采访中心编.-北京:人民出版社,2017 |
| 13,298页;24cm |
| ISBN 978-7-01-017530-0:CNY49.00 |
| ● |
| 相关链接 |
|
|
|
|
正题名:部长访谈录
索取号:D622/92
 
预约/预借
| 序号 | 登录号 | 条形码 | 馆藏地/架位号 | 状态 | 备注 |
| 1 | 1100970 | 211009709 | 第一样本阅览室/ [索取号:D622/92] | 在馆 | |
| 2 | 1100971 | 211009718 | 教育系资料室/ [索取号:D622/92] | 在馆 | |
| 3 | 1100972 | 211009727 | 教育系资料室/ [索取号:D622/92] | 在馆 | |
| 4 | 1100973 | 211009736 | 教育系资料室/ [索取号:D622/92] | 在馆 | |
| 5 | 1100974 | 211009745 | 第一借阅区/ [索取号:D622/92] | 在馆 | |
| 6 | 1100975 | 211009754 | 第一借阅区/ [索取号:D622/92] | 在馆 |